Statistics for Liverpool Top Scorers

Click here to take the quiz!

General Stats

  • This quiz has been taken 35 times
  • The average score is 12 of 25

Answer Stats

CountryGoalsPlayer (Answer)% Correct
Egypt204Mohamed Salah
100%
Wales336Ian Rush
97%
Brazil111Roberto Firmino
94%
Senegal120Sadio Mané
94%
Uruguay82Luis Suárez
91%
Spain81Fernando Torres
84%
Scotland163Kenny Dalglish
84%
England186Steven Gerrard
84%
England158Michael Owen
81%
England183Robbie Fowler
72%
Netherlands71Dirk Kuyt
59%
England261Roger Hunt
41%
England68Daniel Sturridge
34%
England100Kevin Keegan
31%
Scotland117Ian St. John
28%
England75David Johnson
22%
England107John Barnes
22%
Wales95John Toshack
19%
England68Ray Kennedy
19%
Ireland70Ronnie Whelan
19%
England66Steve McManaman
19%
Ireland74Steve Heighway
16%
England80Terry McDermott
16%
England73Jimmy Melia
3%
Scotland177Billy Linddell
0%

Score Distribution

Percentile by Number Answered

Percent of People with Each Score

Your Score History

You have not taken this quiz